Disneyland's Restaurants Quiz Stats

Quiz not verified by Sporcle

Challenge
Share
Tweet
Embed
Score 0/29 Timer 08:00
0 Plays Today
Location Restaurant % Correct
New Orleans SquareBlue Bayou
81.3%
AdventurelandBengal Barbeque
72.2%
TomorrowlandRedd Rockett's Pizza Port
72.2%
Main Street, U.S.A.Carnation Cafe
67.3%
Critter CountryHungry Bear Restaurant
67.1%
FrontierlandThe Golden Horseshoe
56%
Main Street, U.S.A.Plaza Inn
55.1%
FantasylandVillage Haus Restaurant
54.9%
TomorrowlandTomorrowland Terrace
50.4%
Main Street, U.S.A.Jolly Holiday Bakery Cafe
48.5%
New Orleans SquareFrench Market Restaurant
48.5%
New Orleans SquareCafe Orleans
48.3%
FrontierlandRancho del Zocalo
46.1%
FrontierlandRiver Belle Terrace
45.6%
New Orleans SquareClub 33
43.6%
Location Restaurant % Correct
Main Street, U.S.A.Gibson Girl Ice Cream Parlor
41.7%
Mickey's ToontownClarabelle's
39%
AdventurelandTiki Juice Bar
38.2%
Mickey's ToontownPluto's Dog House
35.9%
FrontierlandStage Door Cafe
34.6%
Mickey's ToontownDaisy's Diner
33%
New Orleans SquareMint Julep Bar
31.6%
FrontierlandBig Thunder Ranch Barbeque
31.4%
Critter CountryHarbour Galley
28.4%
Main Street, U.S.A.Refreshment Corner
24.6%
New Orleans SquareRoyal Street Veranda
21.4%
AdventurelandTropical Imports
18.9%
FantasylandTroubadour Tavern
17.8%
FantasylandEdelweiss Snacks
17.6%

You're not logged in!

Compare scores with friends on all Sporcle quizzes.
Join for Free
OR
Log In

You Might Also Like...

Show Comments

Extras

Top Quizzes Today


Score Distribution

Your Account Isn't Verified!

In order to create a playlist on Sporcle, you need to verify the email address you used during registration. Go to your Sporcle Settings to finish the process.

Report this User

Report this user for behavior that violates our Community Guidelines.

Details: